HIDDEN SIDE OF SEXUAL SCIENCE (Record no. 443386)

MARC details
000 -LEADER
fixed length control field 00370nam a2200145Ia 4500
008 - FIXED-LENGTH DATA ELEMENTS--GENERAL INFORMATION
fixed length control field 100122s9999 xx 000 0 und d
082 ## - DEWEY DECIMAL CLASSIFICATION NUMBER
Item number 7043
Classification number 778.55
100 ## - MAIN ENTRY--PERSONAL NAME
Personal name AUTHOR TO ENTER
245 ## - TITLE STATEMENT
Title HIDDEN SIDE OF SEXUAL SCIENCE
260 ## - PUBLICATION, DISTRIBUTION, ETC. (IMPRINT)
Date of publication, distribution, etc 1955
300 ## - PHYSICAL DESCRIPTION
Extent 50
630 ## - SUBJECT ADDED ENTRY--UNIFORM TITLE
Uniform title HIDDEN SIDE OF SEXUAL SCIENCE
730 ## - ADDED ENTRY--UNIFORM TITLE
Uniform title HIDDEN SIDE OF SEXUAL SCIENCE
942 ## - ADDED ENTRY ELEMENTS (KOHA)
Koha item type Book
Holdings
Withdrawn status Lost status Damaged status Not for loan Home library Current library Date acquired Cost, normal purchase price Total Checkouts Full call number Barcode Date last seen Cost, replacement price Price effective from Koha item type Public note
        S.V. Pathak Library, Vile Parle S.V. Pathak Library, Vile Parle 06/06/1956 2.00   7043 SVPPARLE-7043 01/25/2010 2.00 01/25/2010 Book General NA